| 000 | 00684nam a2200229 a 4500 | ||
|---|---|---|---|
| 999 |
_c10087 _d10087 |
||
| 001 | 10087 | ||
| 003 | BD-JhCC | ||
| 005 | 20180528143050.0 | ||
| 008 | 171111s1991 bg a|||| ||a| 000 0 ben d | ||
| 020 | _a9840725106 | ||
| 035 | _a(BD-JhCC)10087 | ||
| 040 |
_aBD-JhCC _dBD-JhCC |
||
| 041 | _aben | ||
| 082 |
_a759.09209034 _bCHO 1991 |
||
| 100 | _aচৌধুরী, কবীর | ||
| 245 |
_aফরাসী চিত্রশিল্পীদের কথা / _cকবীর চৌধুরী |
||
| 260 |
_aঢাকা : _bবাংলা একাডেমী, _c1991. |
||
| 300 |
_a73 p. : _c24 cm. |
||
| 650 | _aPainting French | ||
| 942 |
_2ddc _cBK |
||